000
00329nam a22001337a 4500
008
180127b xxu||||| |||| 00| 0 eng d
020
_a
1563635704
041
_a
eng
080
_a
615
100
_a
5
101
_a
SHF
245
_a
PDR for Nonprescription Drugs, Dietary Supplements, and Herbs
_c
Sanborn, K.D
942
_2
udc
_c
BK
999
_c
41077
_d
41077